Základy architektúry a staviteľstva

Bibliographic Details
Main Author: Štěpánková, Roberta, 1964- (Author)
Format: Book
Language:Slovak
PhysicalDescription:146 s. sch., tab. 29 cm
Published: Nitra Slovenská poľnohospodárska univerzita 2006
ISBN:8080697418
Edition:2. uprav. vyd.
Subjects:

MARC

LEADER 00000nam a2200000 a 4500
001 vtls008877453
003 SK-MaSNL
005 20260302004812.0
008 251104s2006 xo l d p 000 0 slo
015 |a SNBA2007/01-00073 
020 |a 8080697418  |q (brož.)  |c 115,00 Sk 
035 |a 5398DEA8-CB3E-49FC-8CD8-E6537C18D53A 
035 |a urn:nbn:sk:snk-amkqas 
035 |a urn:nbn:sk:snk-am005e3z 
040 |a SNK  |b slo  |c SNK  |e AACR2 
041 0 |a slo 
044 |a xo  |c SK 
072 7 |a 72  |x Architektúra  |2 konspekt 
072 7 |a 69  |x Stavebníctvo  |2 konspekt 
080 |a 69  |2 2001 
080 |a (075.8)  |2 2001 
080 |a 72  |2 2001 
100 1 |a Štěpánková, Roberta,  |d 1964-  |4 aut  |9 194888 
245 1 0 |a Základy architektúry a staviteľstva  |c R. Štěpánková 
250 |a 2. uprav. vyd. 
260 |a Nitra  |b Slovenská poľnohospodárska univerzita  |c 2006 
300 |a 146 s.  |b sch., tab.  |c 29 cm 
366 |e 200 výtl. 
504 |a Bibliogr. s. 142-143 
650 0 7 |a architektúra  |2 SNKPH  |9 722 
650 0 7 |a stavebníctvo  |2 SNKPH  |9 726 
655 7 |a učebnice vysokých škôl  |2 SNKPH  |9 70191 
919 |a 80-8069-741-8 
999 |c 997213  |d 999143 
952 |a SNK  |b SNK  |y PREZ  |7 0  |p 17A0529083  |o snkSB 73249  |i snk2006/23587  |8 0  |0 0  |1 0  |4 0  |d 2006-11-10  |l 0  |r 2025-04-28 00:00:00  |w 2026-02-24 
952 |a SNK  |b SNK  |y VYP  |7 0  |p 17A0529082  |o snkSB 73249 D1  |i snk2006/23588  |8 0  |0 0  |1 0  |4 0  |d 2006-11-10  |f 1  |l 0  |r 2016-06-30 00:00:00  |w 2026-02-24